Statistics for Ghost Songs

Click here to take the quiz!

General Stats

  • This quiz has been taken 2,668 times
    (1,331 since last reset)
  • The average score is 45 of 72

Answer Stats

Answer% Correct
Mary on a Cross
92%
Kiss the Go-Goat
87%
Rats
87%
Square Hammer
87%
Year Zero
82%
Cirice
81%
Ritual
79%
Elizabeth
78%
Jesus He Knows Me
78%
Spillways
78%
Dance Macabre
77%
If You Have Ghosts
76%
Call Me Little Sunshine
75%
He Is
74%
Con Clavi Con Dio
73%
Kaisarion
73%
Mummy Dust
73%
Phantom of the Opera
71%
Darkness at the Heart of My Love
70%
Faith
70%
Hunter's Moon
70%
Infestissumam
70%
Life Eternal
69%
Griftwood
67%
Imperium
67%
Twenties
67%
Monstrance Clock
66%
From the Pinnacle to the Pit
65%
Per Aspera ad Inferi
65%
Respite on the Spitalfields
65%
Absolution
64%
Ghuleh / Zombie Queen
63%
Satan Prayer
63%
Watcher in the Sky
63%
Witch Image
63%
Missionary Man
62%
Crucified
61%
Ashes
60%
Bible
60%
I'm a Marionette
60%
Miasma
59%
Spirit
59%
Stand By Him
59%
Jigolo Har Megiddo
57%
Prime Mover
57%
Secular Haze
57%
We Don't Need Another Hero (Thunderdome)
57%
Deus in Absentia
56%
Genesis
56%
See the Light
56%
Body and Blood
55%
Death Knell
55%
Deus Culpa
54%
Devil Church
53%
Majesty
53%
Dominion
52%
Hanging Around
52%
Idolatrine
52%
Pro Memoria
52%
Spöksonat (Ghost Sonata)
52%
Depth of Satan's Eyes
51%
Nocturnal Me
51%
Zenith
51%
See No Evil
49%
Waiting for the Night
48%
Bite of Passage
46%
Helvetesfönster
46%
I Believe
46%
Here Comes the Sun
43%
It's A Sin
38%
Avalanche
37%
La Mantra Mori
37%

Score Distribution

Percentile by Number Answered

Percent of People with Each Score

Your Score History

You have not taken this quiz since the last reset